Vainqueur ProD2 par années - Statistiques

Statistiques générales
  • Ce quiz a été pris 87 fois
    74 depuis la dernière actualisation
  • Le résultat moyen est 7 sur 24
Statistiques - réponses
Années Equipe % Correct
2024 RC Vannes
97%
2023 Oyonnax Rugby
88%
2022 Aviron Bayonnais
86%
2021 USA Perpignan
69%
2019 Aviron Bayonnais
55%
2018 USA Perpignan
52%
2017 Oyonnax Rugby
41%
2016 Lyon Olympique Universitaire
38%
2015 Section Paloise Rugby Pro
33%
2014 Lyon Olympique Universitaire
28%
2013 Oyonnax Rugby
14%
2011 Lyon Olympique Universitaire
12%
2008 Rugby Club Toulonnais
12%
2012 Football Club de Grenoble rugby
9%
2009 Racing 92
7%
2005 Rugby Club Toulonnais
7%
2003 Montpellier Hérault Rugby
5%
2010 Sporting Union Agen Lot-et-Garonne
5%
2007 F.C. Auch-Gers
3%
2004 F.C. Auch-Gers
3%
2001 Montauban Tarn et Garonne XV
3%
2000 AS Béziers Hérault
2%
2006 Montauban Tarn et Garonne XV
2%
2002 Stade Montois Rugby Pro
2%
Aucun quiz correspondant
Distribution des résultats
% des personnes avec chaque résultat
Percentile par nombre de réponses
Votre historique - résultats
Vous n’avez pas pris ce quiz depuis la dernière actualisation